Zwierzęta na literę O - Statystyki

Ogólne statystyki
  • Ten quiz został rozwiązany 531 razy
  • Średni wynik to 8 z 16
Statystyki odpowiedzi
Zwierzę % Poprawnych
orka
82%
osa
79%
okoń
78%
orangutan
74%
orzeł
67%
osioł
67%
opos
51%
owca
51%
okapi
47%
ośmiornica
47%
ostryga
35%
ocelot
30%
owsik
24%
oryks
16%
omułek
15%
ostronos
12%
Nie znaleziono quizów pasujących do podanych kryteriów
Rozkład punktacji
Procent ludzi z każdym wynikiem
Percentyl według liczby udzielonych odpowiedzi
Twoja historia wyników
Nie rozwiązałeś tego quizu